Poučenie o sviatosti birmovania

Podrobná bibliografia
Ďalší autori: Malý, Vincent, 1922-2008 (Zostavovateľ, kompilátor)
Médium: Kniha
Jazyk:slovenčina
Fyzický popis:194 s. 16 cm
Vydavateľské údaje: Trnava Spolok svätého Vojtecha 1999
ISBN:8071622672
Vydanie:4. dopl. vyd.
Predmet:

MARC

LEADER 00000cam a2200000 a 4500
001 vtls001369021
003 SK-MaSNL
005 20260301070845.0
008 240226s1999 xo 000 0 slo
015 |a SNBA1999/10-03756 
020 |a 8071622672 
035 |a SNK000322737 
035 |a urn:nbn:sk:snk-am3hv34 
035 |a 67D3432B-93EF-4BAB-8625-4F0220C7EDE0 
035 |a urn:nbn:sk:snk-am00da1t 
040 |a SNK  |b slo  |c SNK  |e AACR2 
041 0 |a slo 
044 |a xo  |c SK 
080 |a 265.2:282(035)  |2 1981 
080 |a 282(035)  |2 1981 
245 0 0 |a Poučenie o sviatosti birmovania  |c zostavil Vincent Malý 
250 |a 4. dopl. vyd. 
260 |a Trnava  |b Spolok svätého Vojtecha  |c 1999 
300 |a 194 s.  |c 16 cm 
500 |a Ilustr. na tit. strane 
610 0 7 |a Rímskokatolícka cirkev  |2 SNKPH  |9 32394 
650 0 7 |a birmovanie (sviatosť)  |2 SNK  |9 296802 
650 0 7 |a birmovanie  |2 SNKPH  |9 754 
650 0 7 |a krstné sľuby  |2 SNK  |9 387743 
650 0 7 |a sviatosti  |2 SNKPH  |9 755 
655 7 |a príručky  |2 SNKPH  |9 74364 
700 1 |a Malý, Vincent,  |d 1922-2008  |4 com  |9 102577 
919 |a 80-7162-267-2 
958 |a NT 
958 |a TL 
999 |c 635745  |d 637675 
952 |t P60, <03>, [BOOK], {603}  |a SNK  |b SNK  |y PREZ  |7 0  |p 17A0203592  |o snkSE 9673  |i snkKSP 8003/99  |0 0  |1 0  |4 0  |d 1999-07-29  |f 1  |l 0  |r 2005-01-02 00:00:00  |w 2026-02-23 
952 |t P60, <04>, [BOOK], {604}  |a SNK  |b SNK  |y VYP  |7 0  |p 17A0203593  |o snkSE 9673 D1  |i snkKSP 8004/99  |0 0  |1 0  |4 0  |d 1999-07-29  |l 0  |r 2005-01-02 00:00:00  |w 2026-02-23